000 01099nam a2200277 a 4500
001 000020887
005 20260305073958.0
008 100823s2003 dr ac 001 0 spa d
020 _a9993400084
040 _aDO-SdBNP
_bspa
_cBNPHU
041 1 7 _aspa
_heng
082 _aR703
_bG377e, 2003
100 1 _aGerón, Candido,
_d1948-
_93577
245 1 0 _aEnciclopedia de las artes plásticas dominicanas :
_b1844-2003 /
_cCándido Gerón ; traducción Altagracia Amelia Cabral ; ilustración Víctor Eugenio Cortina.
246 1 4 _aEncyclopedia of dominican plastic arts 1844 - 2003.
250 _a5a ed. corr.
260 _aSanto Domingo :
_bCorripio,
_c2003.
300 _a733 p. :
_bil., retrs. ;
_c31 cm.
586 _aPremio nacional de didáctica 1988
650 4 _aArte
_xEnciclopedias y diccionarios
_943778
650 4 _aPinturas dominicanas
_xEnciclopedias y diccionarios
_943779
650 4 _aArtistas dominicanos
_xBiografías
_933342
700 1 2 _aCabral, Altagracia Amelia,
_etr.
_943780
700 1 2 _aCortina, Víctor Eugenio,
_eil.
_943781
910 _aValidado. Control de calidad BNPHU
999 _c20390
_d20390